00000000nam##2200000za#4500
0019.579936
003CaOODSP
00520210624190810
007cr |||||||||||
008150406|2002||||xxc|||||o    f|0| 0 eng|d
022 |a1488-5387
040 |aCaOODSP|beng
043 |an-cn---
0861 |aFs97-4/2617E-PDF
1101 |aCanada. |bDepartment of Fisheries and Oceans.
24510|aGroundfish research cruises conducted by the Pacific Biological Station, Fisheries and Oceans Canada, 1944 - 2002 / |h[electronic resource]|cby C.A. Sinclair and N. Olsen.
260 |aNanaimo - British Columbia : |bFisheries and Oceans Canada |c2002.
300 |a95p.|bfigs., references, tables
4901 |aCanadian manuscript report of fisheries and aquatic sciences|x1488-5387|vNo. 2617
500 |aOn t.p.: Pacific Biological Station, Nanaimo, British Columbia. The catalogue number and ISSN for the print edition appear in the PDF version.
546 |a(Résumés en français)
590 |a14-13-Supp|b2014-06-23
7201 |aOlsen, N.
7201 |aSinclair, C. A.
830#0|aCanadian manuscript report of fisheries and aquatic sciences,|x1488-5387|vNo. 2617|w(CaOODSP)9.505211
85640|ahttp://publications.gc.ca|qPDF|s28,911 KB|uhttps://publications.gc.ca/collections/collection_2014/mpo-dfo/Fs97-4-2617-eng.pdf|yNo. 2617